000 00680nam a2200205Ia 4500
003 GCL
008 140319s9999 xx 000 0 ara d
040 _aGCL /
_cGCL
082 0 4 _a811.4ش ش
100 1 _aالشنتمرى , ابوالحجاج يوسف بن
245 1 0 _aشرح حاسة ابى تمام /
_cالشنتمرى , ابوالحجاج يوسف بن
700 1 _aعلى المفضل حمودان
260 _a[S.N] :
_bدار الفكر المعاصر ،
_c1992
300 _a614 ص
490 _a
650 0 4 _aالشعر العربى
650 0 4 _aالادب العربى
650 0 4 _aابوتمام، حبيب بن اوس الطائى
942 _2ddc
_cBK
999 _c34438
_d34438